LIBRARY & INFORMATION CENTRE, KCAET, TAVANUR

ONLINE PUBLIC ACCESS CATALOGUE (OPAC)

Multi - Objective Optimization Using Evolutionary Algorithms (Record no. 15690)

MARC details
000 -LEADER
fixed length control field 00380nam a22001457a 4500
003 - CONTROL NUMBER IDENTIFIER
control field OSt
008 - FIXED-LENGTH DATA ELEMENTS--GENERAL INFORMATION
fixed length control field 190528b ||||| |||| 00| 0 eng d
020 ## - INTERNATIONAL STANDARD BOOK NUMBER
ISBN 9788126528042
082 ## - DEWEY DECIMAL CLASSIFICATION NUMBER
Classification number 519.3
Item number DEB/MU
100 ## - MAIN ENTRY--AUTHOR NAME
Personal name Deb, Kalyanmoy.
245 ## - TITLE STATEMENT
Title Multi - Objective Optimization Using Evolutionary Algorithms
260 ## - PUBLICATION, DISTRIBUTION, ETC. (IMPRINT)
Place of publication New Delhi
Name of publisher Wiley
Year of publication 2018
300 ## - PHYSICAL DESCRIPTION
Number of Pages 515 p.
942 ## - ADDED ENTRY ELEMENTS (KOHA)
Koha item type Books
Holdings
Withdrawn status Lost status Damaged status Collection code Home library Current library Shelving location Date acquired Full call number Accession Number Koha item type
      Non-fiction KAUAET KAUAET General Stacks 28/05/2019 519.3 DEB/MU 25982 Books
free website counter